LEADER 04600nam 22007215 450 001 996546835403316 005 20230530164122.0 010 $a9783319655963$b(electronic bk.) 010 $z9783319655956 024 7 $a10.1007/978-3-319-65596-3 035 $a(MiAaPQ)EBC30555907 035 $a(Au-PeEL)EBL30555907 035 $a(OCoLC)1381095126 035 $a(DE-He213)978-3-319-65596-3 035 $a(BIP)060217650 035 $a(PPN)270616411 035 $a(EXLCZ)9926806715400041 100 $a20230530d2023 u| 0 101 0 $aeng 135 $aurcnu|||||||| 181 $ctxt$2rdacontent 182 $cc$2rdamedia 183 $acr$2rdacarrier 200 10$aAlgorithmic Intelligence$b[electronic resource] $eTowards an Algorithmic Foundation for Artificial Intelligence /$fby Stefan Edelkamp 205 $a1st ed. 2023. 210 1$aCham :$cSpringer International Publishing :$cImprint: Springer,$d2023. 215 $a1 online resource (482 pages) 311 08$aPrint version: Edelkamp, Stefan Algorithmic Intelligence Cham : Springer International Publishing AG,c2023 9783319655956 327 $aPreface -- Towards a Characterization -- Part I, Basics -- 1. Programming Primer -- 2. Shortest Paths -- 3. Sorting -- 4. Deep Learning -- 5. Monte-Carlo Search -- Part II, Big Data -- 6. Graph data -- 7. Multimedia Data -- 8. Network Data -- 9. Image Data -- 10. Navigation Data -- Part III, Research Areas -- 11. Machine Learning -- 12. Problem Solving -- 13. Card Game Playing -- 14. Action Planning -- 15. General Game Playing -- 16. Multiagent Systems -- 17. Recommendation and Configuration Part IV, Applications -- 18. Adversarial Planning -- 19. Model Checking -- 20. Computational Biology -- 21. Logistics -- 22. Additive Manufacturing -- 23. Robot Motion Planning -- 24. Industrial Production -- 25. Further Application Areas. - Index and References. 330 $aIn this book the author argues that the basis of what we consider computer intelligence has algorithmic roots, and he presents this with a holistic view, showing examples and explaining approaches that encompass theoretical computer science and machine learning via engineered algorithmic solutions. Part I of the book introduces the basics. The author starts with a hands-on programming primer for solving combinatorial problems, with an emphasis on recursive solutions. The other chapters in the first part of the book explain shortest paths, sorting, deep learning, and Monte Carlo search. A key function of computational tools is processing Big Data efficiently, and the chapters in Part II of the book examine traditional graph problems such as finding cliques, colorings, independent sets, vertex covers, and hitting sets, and the subsequent chapters cover multimedia, network, image, and navigation data. The highly topical research areas detailed in Part III are machine learning, problem solving, action planning, general game playing, multiagent systems, and recommendation and configuration. Finally, in Part IV the author uses application areas such as model checking, computational biology, logistics, additive manufacturing, robot motion planning, and industrial production to explain how the techniques described may be exploited in modern settings. The book is supported with a comprehensive index and references, and it will be of value to researchers, practitioners, and students in the areas of artificial intelligence and computational intelligence. 606 $aArtificial intelligence 606 $aData mining 606 $aControl engineering 606 $aRobotics 606 $aAutomation 606 $aBusiness information services 606 $aBusiness logistics 606 $aArtificial Intelligence 606 $aData Mining and Knowledge Discovery 606 $aControl, Robotics, Automation 606 $aIT in Business 606 $aLogistics 610 $aScience 615 0$aArtificial intelligence. 615 0$aData mining. 615 0$aControl engineering. 615 0$aRobotics. 615 0$aAutomation. 615 0$aBusiness information services. 615 0$aBusiness logistics. 615 14$aArtificial Intelligence. 615 24$aData Mining and Knowledge Discovery. 615 24$aControl, Robotics, Automation. 615 24$aIT in Business. 615 24$aLogistics. 676 $a006.3 700 $aEdelkamp$b Stefan$0853901 801 0$bMiAaPQ 801 1$bMiAaPQ 801 2$bMiAaPQ 912 $a996546835403316 996 $aAlgorithmic Intelligence$93389825 997 $aUNISA LEADER 02561nam 2200457 450 001 9910796861803321 005 20230126215859.0 010 $a1-4985-4652-8 035 $a(CKB)4100000004821552 035 $a(MiAaPQ)EBC5400541 035 $a(EXLCZ)994100000004821552 100 $a20190228d2018 uy 0 101 0 $aeng 135 $aurcnu|||||||| 181 $ctxt$2rdacontent 182 $cc$2rdamedia 183 $acr$2rdacarrier 200 00$aTajikistan on the move $estatebuilding and societal transformations /$fedited by Marlene Laruelle 210 1$aLanham, Maryland :$cLexington Books,$d2018. 215 $a1 online resource (531 pages) 225 1 $aContemporary Central Asia : societies, politics, and cultures 311 $a1-4985-4651-X 320 $aIncludes bibliographical references and index. 327 $aHobbesian neopatrimonialism / Jesse Driscoll -- Rebels without a cause? : authoritarian conflict management in Tajikistan, 2008-2015 / John Heathershaw and Parviz Mullojonov -- From Moscow to Madrid : governing security threats beyond Tajikistan's borders / Edward Lemon -- Tajikistan's multi-vector foreign policy : constructing relations with Russia, China, and the United States / Kirill Nourzhanov -- Dushanbe is quite far : deconcentrated agrarian reform in rural Tajikistan / Brent Hierman -- Local governance in Khatlon, Tajikistan / Suzanne Levi-Sanchez -- Development practices, insecurity, and risks : injectable drug users in Gorno-Badakhshan / Sophie Hohmann -- "A woman without a man is a Kazan without a lid": polygyny in Tajikistan / Michele Commercio -- Oblivion, ambivalence and historical erasure : remembering the civil war in Tajikistan / Tim Epkenhans -- Translocal securityscapes of Tajik labor migrants and the families and communities they leave behind / Hafiz Boboyorov -- Illegal migrants and pious Muslims : the paradox of bazaar workers from Tajikistan / Sophie Roche. 410 0$aContemporary Central Asia (Lanham, Md.) 606 $aInstitution building$zTajikistan 606 $aSocial change$zTajikistan 607 $aTajikistan$xPolitics and government$y1991- 607 $aTajikistan$xForeign relations$y1991- 607 $aTajikistan$xSocial conditions$y1991- 615 0$aInstitution building 615 0$aSocial change 676 $a958.6086 702 $aLaruelle$b Marle?ne 801 0$bMiAaPQ 801 1$bMiAaPQ 801 2$bMiAaPQ 906 $aBOOK 912 $a9910796861803321 996 $aTajikistan on the move$93867016 997 $aUNINA LEADER 03946nam 22008412 450 001 9910141630503321 005 20240405031217.0 010 $a90-485-1951-9 024 7 $a10.1515/9789048519514 035 $a(CKB)2670000000344243 035 $a(EBL)1773728 035 $a(SSID)ssj0000939984 035 $a(PQKBManifestationID)12466847 035 $a(PQKBTitleCode)TC0000939984 035 $a(PQKBWorkID)10946357 035 $a(PQKB)10748510 035 $a(DE-B1597)517675 035 $a(OCoLC)861693287 035 $a(DE-B1597)9789048519514 035 $a(Au-PeEL)EBL1773728 035 $a(CaPaEBR)ebr10767088 035 $a(CaONFJC)MIL552091 035 $a(UkCbUP)CR9789048519514 035 $a(oapen)https://directory.doabooks.org/handle/20.500.12854/27750 035 $a(MiAaPQ)EBC1773728 035 $a(EXLCZ)992670000000344243 100 $a20201130d2013|||| uy| 0 101 0 $aeng 135 $aur||||||||||| 181 $ctxt$2rdacontent 182 $cc$2rdamedia 183 $acr$2rdacarrier 200 00$aMaking migration work $ethe future of labour migration in the European Union /$fJan Willem Holtslag, Monique Kremer and Erik Schrijvers (eds.)$b[electronic resource] 205 $a1st ed. 210 $cAmsterdam University Press$d2013 210 1$aAmsterdam :$cAmsterdam University Press,$d2013. 215 $a1 online resource (126 pages) $cdigital, PDF file(s) 225 1 $aWRR Publicatie 300 $aTitle from publisher's bibliographic system (viewed on 23 Jun 2021). 311 $a90-8964-557-8 320 $aIncludes bibliographical references. 327 $tHow to Make Migration Work? /$rMonique Kremer, Erik Schrijvers and Jan Willem Holtslag --$tThe Global and European Neighbourhood Migration Systems: Trends, Policy Choices, Governance Challenges and a Look Ahead /$rDemetrios G. Papademetriou --$tSatisfying Labour Needs in an Ageing Society /$rGeorges Lemai?tre --$tMigrant Workers: Inevitability or Policy Choice? /$rMartin Ruhs and Bridget Anderson --$tIntra-EU Labour Mobility after Eastern Enlargement and During the Crisis: Main Trends and Controversies /$rBe?la Galgo?czi and Janine Leschke --$tLabour Mirgration from Central and Eastern Europe and the Implications for Integration Policy /$rGodfried Engbersen. 330 $aLargely because of the European Union's two-phase expansion in 2004 and 2007, labor migration across the continent has changed significantly in recent years. Notably, the EU's policy of open borders has enabled a growing stream of workers to leave new member states in search of higher wages. As a result, the nature, scale, and direction of migration flows have changed dramatically. 'Making Migration Work' explores how policy can-and should-address these changes. In the process, this timely volume considers the future trajectory of a phenomenon that has become an increasingly sensitive political issue in many European nations. 410 0$aRapporten aan de regering. 606 $aLabor mobility$zEuropean Union countries$xForecasting 606 $aForeign workers$zEurope 606 $aLabor supply$zEurope 610 $apublic administration 610 $asociology 610 $abeleidswetenschappen 610 $asociologie 610 $aEurope 610 $aForeign worker 610 $aHuman migration 610 $aLabor mobility 610 $aLabour economics 610 $aMigrant worker 610 $aNetherlands 610 $aOECD 615 0$aLabor mobility$xForecasting. 615 0$aForeign workers 615 0$aLabor supply 676 $a331.12791094 700 $aHoltslag$b Jan Willem$4edt$0801893 702 $aHoltslag$b Jan Willem 702 $aKremer$b Monique 702 $aSchrijvers$b Erik 801 0$bUkCbUP 801 1$bUkCbUP 906 $aBOOK 912 $a9910141630503321 996 $aMaking migration work$93041587 997 $aUNINA